000 00307nam a22001457a 4500
008 210527b ||||| |||| 00| 0 eng d
020 _a9780735623040
041 _aeng
080 _a004
082 _2004
100 _a28
101 _aSHKI
245 _aStep by Step
_cCurtis D. Frye
942 _2udc
_cBK
999 _c57732
_d57732